ՀՀ Գիտությունների ազգային ակադեմիայի հիմնարար գիտական գրադարան  =   Fundamental Scientific Library of NAS RA

Кукла : (Record no. 412247)

MARC details
000 -LEADER
fixed length control field 00900nam a2200241 a 4500
003 - CONTROL NUMBER IDENTIFIER
control field AM-YeHGA
005 - DATE AND TIME OF LATEST TRANSACTION
control field 20250617154436.0
008 - FIXED-LENGTH DATA ELEMENTS--GENERAL INFORMATION
fixed length control field 180621s1957 mv |||||r|||||000|0|rus||
040 ## - CATALOGING SOURCE
Original cataloging agency AM-YeHGA
041 1# - LANGUAGE CODE
Language code of text/sound track or separate title rus
Language code of original pol
090 ## - LOCALLY ASSIGNED LC-TYPE CALL NUMBER (OCLC); LOCAL CALL NUMBER (RLIN)
-- 414549
100 1# - MAIN ENTRY--PERSONAL NAME
Personal name Прус, Болеслав
245 10 - TITLE STATEMENT
Title Кукла :
Remainder of title [Роман] /
Statement of responsibility, etc. Болеслав Прус ; Пер. с пол. Н. Модзелевской.
260 ## - PUBLICATION, DISTRIBUTION, ETC.
Place of publication, distribution, etc. Кишинев :
Name of publisher, distributor, etc. Госиздат Молдавии,
Date of publication, distribution, etc. 1957.
300 ## - PHYSICAL DESCRIPTION
Extent 739 с. :
Dimensions 23 см.
650 14 - SUBJECT ADDED ENTRY--TOPICAL TERM
Topical term or geographic name entry element Художественная литература
Geographic subdivision Польша
650 14 - SUBJECT ADDED ENTRY--TOPICAL TERM
Topical term or geographic name entry element Польская литература
653 0# - INDEX TERM--UNCONTROLLED
Uncontrolled term Польша, 19 в. (х. л.)
653 0# - INDEX TERM--UNCONTROLLED
Uncontrolled term Буржуазия в Польше (х. л.)
653 0# - INDEX TERM--UNCONTROLLED
Uncontrolled term Дворянство в Польше (х. л.)
700 1# - ADDED ENTRY--PERSONAL NAME
Personal name Модзелевская, Н.
Relator term пер.
Relationship trl
942 ## - ADDED ENTRY ELEMENTS (KOHA)
Source of classification or shelving scheme Universal Decimal Classification
Koha item type Գրքեր / Books
Holdings
Withdrawn status Lost status Source of classification or shelving scheme Damaged status Not for loan Collection Home library Current library Date acquired Total checkouts Full call number Barcode Date last seen Price effective from Koha item type Public note
    Universal Decimal Classification     General Fundamental Scientific Library Fundamental Scientific Library 25/09/2018   РД II/21531 FL0517912 25/09/2018 25/09/2018 Գրքեր / Books 30 Days Loan


ՀՀ ԳԱԱ հիմնարար գիտական գրադարան
ՀՀ,Երևան 0019
Մարշալ Բաղրամյան 24/6
հեռախոս:(374-10) 52-47-50
Հետադարձ կապ

All site content, except where otherwise noted, is licensed under a
Creative Commons License